| 000 | 00485nam a2200217Ia 4500 | ||
|---|---|---|---|
| 008 | 210210b1963 xxu||||| |||| 00| 0 eng d | ||
| 041 | _aeng | ||
| 082 | _a822/637 | ||
| 100 | _aKHOSLA (G D) | ||
| 245 | _aMurder of the mahatma and other cases | ||
| 260 |
_aLondon _bChatto & Windus _c1963 |
||
| 650 | _athe | ||
| 650 | _aother | ||
| 650 | _aof | ||
| 650 | _aMurder | ||
| 650 | _amahatma | ||
| 650 | _acases | ||
| 650 | _aand | ||
| 690 | _aEnglish Prose | ||
| 906 | _a012823 | ||
| 999 |
_c131645 _d131645 |
||